| 000 | 01567cam a2200277 4500 | ||
|---|---|---|---|
| 001 | ##L132887 | ||
| 002 | ##9869 | ||
| 008 | 060317n2006 000 0 eng u | ||
| 020 | _a0077111141 | ||
| 035 | _a(Sirsi) u132887 | ||
| 041 | 0 | _aeng | |
| 050 | 0 | 4 | _a526.902469 $2 18 |
| 100 | 1 | _aIrvine, William | |
| 245 | 0 | 0 | _aSurveying for construction |
| 250 | _a5th ed. | ||
| 260 |
_aMaidenhead _bMcGraw-Hill Education _c2006 |
||
| 300 |
_aix, 342p _bill, tables, diagrams _c30cm. |
||
| 350 | _a39 95 | ||
| 505 | 2 | _aSurveying fundamentals -- Understanding maps and plans -- Linear surveying -- Levelling -- Contouring -- Vertical sections -- Theodolites and total stations -- Traverse surveys -- Global positioning system -- Detail survey -- Curve ranging -- Setting out construction works -- Mensuration areas -- Mensuration volumes -- Surveys of existing buildings. | |
| 520 | _aOffers a clear and comprehensive guide to the principles, methods and equipment used in modern surveying. This new edition has been fully updated and revised to include the latest information on levelling, total stations, detail surveys and Electronic Distance Measurement (EDM), together with a new chapter on Global Positioning System (GPS) technology. Aimed mainly at students of engineering who are new to surveying, building and environmental studies, and archaeology. | ||
| 520 | _aSupersedes 4th ed. (ISBN 0077079981) | ||
| 590 | _aIKA250406 | ||
| 690 | _aENVIRONMENTAL AND LAND CONSULTANCY-GEOMATICS-ENGINEERING SURVEYING | ||
| 700 | 1 | _aMaclennan, Finlay | |
| 942 | _n0 | ||
| 999 |
_c105275 _d105275 |
||